Statistics for 10 Most Powerful People In The World

Click here to take the quiz!

General Stats

  • This quiz has been taken 46 times
  • The average score is 5 of 10

Answer Stats

RankAnswer% Correct
3Joe Biden
95%
2Vladimir Putin
93%
10Angela Merkel
74%
1Xi Jinping
72%
9Boris Johnson
65%
5Donald Trump
58%
4Narendra Modi
35%
7Elon Musk
26%
6Recep Tayyip Erdoğan
21%
8Nicolás Maduro
5%

Score Distribution

Percentile by Number Answered

Percent of People with Each Score

Your Score History

You have not taken this quiz